000 01428nam a2200337 i 4500
003 EG-GICUC
005 20260121101350.0
008 251127s2002 ua ||||fr|||| 00| 0 ara d
017 _a2003/3991
020 _a9770519677
040 _a EG-GICUC
_bara
_c EG-GICUC
_d EG-GICUC
_erda
041 0 _aara
082 0 4 _221
_a343.421
_bس م . ج
092 0 4 _221
099 _aLaw1 10 343.421 س م . ج 1 ed - 2002
100 0 _aسمير محمد عبدالغنى طه
_eمؤلف.
245 1 0 _aجريمة المخدرات :
_b الأحكام القانونية الإجرائية والموضوعية والمبادئ المستحدثة في قضاء النقض الجنائي وفقا لآخر التعديلات عام ٢٠٠٢ /
_cالعميد دكتور سمير محمد عبدالغنى طه.
250 _aالطبعة الأولى
264 1 _aالقاهرة :
_bدار النهضة العربية،
_c2002.
300 _a261 صفحة ؛
_c24 سم.
336 _2rda content
_atext
337 _2rda media
_aComputer
338 _2rda carrier
_aOnline Resource
504 _a. 255-256 ببليوجرافيا: صفحات
546 _aالنص باللغة العربية
650 1 4 _a التشريعات المتعلقة بالمخدرات
650 1 4 _aالقانون الجنائي
856 4 0 _uhttps://fll.law.cu.edu.eg/fulltext/bks/B10-06192.pdf
905 _a77
_eHassnaa
942 _2ddc
_cBK
_e21
_n0
999 _c46357
_d46357